1673 1285 1712 1871 1128 1011 1620 1068 1808 1456 1292 1461 1585 1218 1708 1326 1475 1347 1540 1441 1986 1430 1444 1682 1665 1851 1669 1574 1809 1837 1193 1898 1776 1857 1463 1985 1751 1053 1913 1447 1875 1534 1610 1796 1901 1936 1797 1764 1078 1888 1918 1990 1286 1863 1780 1777 1608 1196 1419 1636 1626 1415 1404 1994 1799 1023 1754 1384 1056 1239 1556 1489 1327 1382 1679 1066 1589 1726 1660 1475 1601 1174 1511 1394 1805 1402 1649 1525 1578 1723 1925 1561 1272 1506 1006 1390 1480 1962 1123 BCNSPRNW ULIB Ver.6.0+V

เปลี่ยนเป็นภาษาไทย

Change to English
 แสดงรายละเอียดบรรณานุกรม
  กลับหน้าหลัก

Brief Record : Get Marc (ISO 2709) : E-mail record : QR code < ปิดหน้าต่าง
LEADER : 00000nam 2200000uu 4500
001    13399121481
003     ULIB
008    121121s2550||||th 000 0 tha d
020    ^a9789747162318
050  0  ^aTX724.5T5^bต366
245  1  ^aตำรับอาหารฝาอบ.
250    ^aพิมพ์ครั้งที่3.
260    ^aกรุงเทพฯ :^bแสงแดด, ^c2550.
300    ^a134 หน้า :^bภาพประกอบ ;^c27 ซม.
650  7 ^aการอบ.
650  7 ^aการปรุงอาหาร.
850    ^aDTC Library
945    ^p250^l0^i17043
995    ^aวิภา
999    ^aวิภา
รายการนี้ยังไม่มีแท็ก
คุณยังไม่ได้ล็อกอิน คุณสามารถมีกิจกรรมร่วมกับเว็บไซต์ได้ แต่ต้องล็อกอินก่อน ::
  ล็อกอิน

รายการสื่อสารสนเทศ

ลำดับที่ ประเภท เลขเรียก/บาร์โค้ด สถานที่ สถานะ
1. วิทยาศาสตร์การแพทย์ และสุขภาพ
วิทยาศาสตร์การแพทย์ และสุขภาพ
TX724.5T5 ต366  
  Barcode: 17043
ห้องสมุดวิทยาเขตสวรรค์ประชารักษ์
►หนังสือทั่วไป
บนชั้น

รายการใกล้เคียง
    หัวเรื่อง [การปรุงอาหาร.]

BibComment


ยังไม่เคยถูกคอมเมนท์

คอมเมนท์ทรัพยากรรายการนี้
  คอมเมนท์: ตำรับอาหารฝาอบ


 Copyright 2026. Bcnsprnw @Library